000 00732nam a22002657a 4500
001 BR9510867
003 BR-BrBNA
005 20230928094842.0
007 ta
008 230509b bl.||||| |||| 00| 0 por d
040 _aBR-BrBNA
_bpor
_cBiblioteca Nacional de Agricultura
041 _a(Por)
072 _aQ02
_b1540
090 _ 1540 BR9510867
100 1 _aVitti, P.
110 1 _aSecretaria da Agricultura, Sao Paulo, SP (Brasil)
_98506
245 1 _aIndustrializacao da mandioca para producao de amido, raspa e farinha de raspa
260 3 _aSao Paulo, SP (Brasil):
_c[nd].
300 _a16 P.
650 _aMandioca
650 _aAmido
650 _aRaspa
909 _a202309
_bLucia
_c55
_dLucia Elande
942 _cBK
999 _c53025
_d53025